000 01105cam a22003497a 4500
003 CHAP
005 20220329133408.0
008 971013s1992 r 00010 d
010 _a5870
011 _a6842
035 _a6065
040 _cCHAP
090 _aFolleto 13892y
100 0 0 _aPeterson, Glenn W.
_987618
245 1 0 _aEnfermedades del tallo y ramas en viveros forestales
260 _aPuebla, Pue. :
_bUPAEP. Escuela de Fitotecnia,
_c1992
300 _a34 p.
490 0 _aTemas forestales
_v; 6
590 _aBATCH-UPD
_b10
_c20130110
_lUCH01
_h1051
590 _aBATCH-UPD
_b10
_c20130410
_lUCH01
_h0648
590 _aBATCH-UPD
_b10
_c20130914
_lUCH01
_h1847
590 _aCONVERSION
_b10
_c20130109
_lUCH01
_h1304
650 1 4 _aÁrboles
_xEnfermedades.
_982436
650 1 4 _aTallo.
_9111494
650 1 4 _aViveros forestales.
_9120100
700 0 _aSmith, Richard S., Jr.
_9107118
830 0 _aTemas forestales
_v; 6
_9112156
901 _aBK
942 _cFOLL
949 _aFolleto 13892y
_bBC
_cFOLL
_d-15665
_eTS1
_i6065
_si
949 _aFolleto 13892y
_bBC
_cFOLL
_d-77905
_eTS2
_fc.2
_i6065
_si
999 _c5870
_d5870